[Event "DEM U16 2019"]
[Site "Willingen GER"]
[Date "2019.06.15"]
[Round "9"]
[White "Suvorov, Alexander"]
[Black "Fromm, Marius"]
[Result "1-0"]
[Termination "normal"]
[Board "3"]
[WhiteTitle "FM"]
[WhiteElo "2321"]
[BlackElo "2038"]
[WhiteClock "00:04:42"]
[BlackClock "00:07:51"]
[PlyCount "111"]
[WhiteFideId "12977063"]
[BlackFideId "12993190"]
[EventCountry "GER"]
[EventRounds "9"]
[EventType "swiss"]
[EventDate "2019.06.08"]

1. d4 {[%clk 1:30:57]} 1... Nf6 {[%clk 1:30:54]} 2. c4 {[%clk 1:30:56]} 2... c5
{[%clk 1:31:18]} 3. d5 {[%clk 1:31:08]} 3... e6 {[%clk 1:31:42]} 4. Nc3 { [%clk
1:30:45]} 4... exd5 {[%clk 1:32:06]} 5. cxd5 {[%clk 1:30:37]} 5... d6 { [%clk
1:32:29]} 6. e4 {[%clk 1:30:14]} 6... g6 {[%clk 1:32:54]} 7. Nf3 { [%clk
1:30:22]} 7... Bg7 {[%clk 1:33:05]} 8. h3 {[%clk 1:30:08]} 8... O-O { [%clk
1:33:27]} 9. Bd3 {[%clk 1:30:35]} 9... Nh5 {[%clk 1:33:38]} 10. O-O { [%clk
1:28:03]} 10... Nd7 {[%clk 1:33:57]} 11. Bg5 {[%clk 1:26:10]} 11... Bf6 { [%clk
1:34:12]} 12. Be3 {[%clk 1:23:27]} 12... Re8 {[%clk 1:34:16]} 13. Qd2 { [%clk
1:21:22]} 13... Ne5 {[%clk 1:34:10]} 14. Be2 {[%clk 1:19:41]} 14... Nxf3+
{[%clk 1:34:21]} 15. Bxf3 {[%clk 1:19:59]} 15... Ng7 {[%clk 1:34:41]} 16. Bf4 {
[%clk 1:16:35]} 16... Be5 {[%clk 1:33:28]} 17. Rae1 {[%clk 1:08:20]} 17... a6 {
[%clk 1:01:08]} 18. a4 {[%clk 1:03:59]} 18... Bd7 {[%clk 0:59:13]} 19. Bxe5 {
[%clk 0:55:28]} 19... dxe5 {[%clk 0:55:11]} 20. Be2 {[%clk 0:53:06]} 20... Qf6
{[%clk 0:51:21]} 21. a5 {[%clk 0:40:48]} 21... Rac8 {[%clk 0:40:09]} 22. b3 {
[%clk 0:36:36]} 22... Qh4 {[%clk 0:36:04]} 23. Qe3 {[%clk 0:33:41]} 23... f5 {
[%clk 0:31:59]} 24. f4 {[%clk 0:29:43]} 24... exf4 {[%clk 0:28:25]} 25. Qxf4 {
[%clk 0:29:06]} 25... Qxf4 26. Rxf4 {[%clk 0:29:35]} 26... Re5 {[%clk 0:20:14]}
27. exf5 {[%clk 0:28:38]} 27... Nxf5 {[%clk 0:20:16]} 28. Re4 {[%clk 0:25:27]}
28... Rxe4 {[%clk 0:14:30]} 29. Nxe4 {[%clk 0:25:56]} 29... Bb5 {[%clk 0:13:12]
} 30. Bc4 {[%clk 0:24:48]} 30... Kg7 31. d6 {[%clk 0:21:27]} 31... Bxc4 { [%clk
0:08:21]} 32. bxc4 {[%clk 0:21:42]} 32... Rd8 {[%clk 0:08:05]} 33. Nxc5 { [%clk
0:21:22]} 33... Rxd6 {[%clk 0:08:32]} 34. Nxb7 {[%clk 0:21:30]} 34... Rc6
{[%clk 0:08:31]} 35. c5 {[%clk 0:21:29]} 35... Nd4 {[%clk 0:05:53]} 36. Rd1 {
[%clk 0:15:12]} 36... Nb5 {[%clk 0:03:33]} 37. Rd7+ {[%clk 0:15:11]} 37... Kf6
{[%clk 0:02:59]} 38. Rxh7 {[%clk 0:13:12]} 38... Ke5 {[%clk 0:01:40]} 39. h4 {
[%clk 0:07:27]} 39... Rc7 {[%clk 0:00:40]} 40. Rxc7 {[%clk 0:07:40]} 40... Nxc7
{[%clk 0:01:07]} 41. Nd8 {[%clk 0:21:36]} 41... Ne8 {[%clk 0:16:30]} 42. Kf2 {
[%clk 0:15:32]} 42... Kd5 {[%clk 0:13:42]} 43. c6 {[%clk 0:15:15]} 43... g5 {
[%clk 0:09:58]} 44. hxg5 {[%clk 0:09:43]} 44... Kd6 {[%clk 0:10:23]} 45. g6 {
[%clk 0:09:01]} 45... Ng7 {[%clk 0:10:33]} 46. Kf3 {[%clk 0:06:47]} 46... Kc7 {
[%clk 0:10:56]} 47. Nf7 {[%clk 0:06:29]} 47... Kxc6 {[%clk 0:11:22]} 48. Ng5 {
[%clk 0:05:57]} 48... Kd5 {[%clk 0:07:04]} 49. Kf4 {[%clk 0:05:49]} 49... Kd6 {
[%clk 0:07:28]} 50. g4 {[%clk 0:05:58]} 50... Ke7 {[%clk 0:07:13]} 51. Ke5 {
[%clk 0:06:07]} 51... Ne8 {[%clk 0:07:22]} 52. Ne4 {[%clk 0:05:45]} 52... Kf8 {
[%clk 0:07:08]} 53. Nc5 {[%clk 0:04:57]} 53... Kg7 {[%clk 0:07:28]} 54. Nxa6 {
[%clk 0:04:57]} 54... Kxg6 {[%clk 0:07:53]} 55. Nc5 {[%clk 0:04:21]} 55... Nc7
{[%clk 0:07:51]} 56. Ne4 {[%clk 0:04:42]} 1-0

[Event "DEM U16 2019"]
[Site "Willingen GER"]
[Date "2019.06.15"]
[Round "9"]
[White "Boder, Jan"]
[Black "Nguyen, Alex Dac-Vuong"]
[Result "0-1"]
[Termination "normal"]
[Board "6"]
[WhiteElo "2123"]
[BlackElo "2287"]
[WhiteClock "00:11:05"]
[BlackClock "00:18:56"]
[PlyCount "110"]
[WhiteFideId "16243226"]
[BlackFideId "12984388"]
[EventCountry "GER"]
[EventRounds "9"]
[EventType "swiss"]
[EventDate "2019.06.08"]

1. c4 {[%clk 1:30:58]} 1... Nf6 {[%clk 1:30:54]} 2. Nf3 {[%clk 1:31:09]} 2...
c5 {[%clk 1:30:55]} 3. Nc3 {[%clk 1:31:30]} 3... e6 {[%clk 1:31:12]} 4. e4 {
[%clk 1:30:29]} 4... Nc6 {[%clk 1:31:22]} 5. d4 {[%clk 1:29:22]} 5... cxd4 {
[%clk 1:31:44]} 6. Nxd4 {[%clk 1:29:48]} 6... Bb4 {[%clk 1:31:19]} 7. Nxc6 {
[%clk 1:26:31]} 7... dxc6 {[%clk 1:30:23]} 8. Qxd8+ {[%clk 1:25:49]} 8... Kxd8
{[%clk 1:30:47]} 9. Bd3 {[%clk 1:26:11]} 9... e5 {[%clk 1:28:21]} 10. Bd2 {
[%clk 1:25:32]} 10... Ke7 {[%clk 1:23:20]} 11. f3 {[%clk 1:22:45]} 11... Rd8 {
[%clk 1:20:00]} 12. Ke2 {[%clk 1:23:06]} 12... Bc5 {[%clk 1:08:00]} 13. Rab1 {
[%clk 1:22:04]} 13... Bd4 {[%clk 1:07:01]} 14. Na4 {[%clk 1:13:20]} 14... Nd7 {
[%clk 0:58:13]} 15. Bb4+ {[%clk 1:07:53]} 15... Ke8 {[%clk 0:55:21]} 16. Rhf1 {
[%clk 0:59:03]} 16... f6 {[%clk 0:55:14]} 17. Rfc1 {[%clk 0:58:29]} 17... b6 {
[%clk 0:42:33]} 18. Bc3 {[%clk 0:57:17]} 18... Nf8 {[%clk 0:39:11]} 19. Bd2 {
[%clk 0:51:20]} 19... Be6 {[%clk 0:33:01]} 20. Be3 {[%clk 0:45:03]} 20... Bf7 {
[%clk 0:33:21]} 21. Bxd4 {[%clk 0:44:05]} 21... Rxd4 {[%clk 0:33:38]} 22. b3 {
[%clk 0:44:16]} 22... Ne6 {[%clk 0:33:39]} 23. g3 {[%clk 0:43:46]} 23... Rad8 {
[%clk 0:33:03]} 24. Rd1 {[%clk 0:43:49]} 24... Bh5 {[%clk 0:33:20]} 25. Nb2 {
[%clk 0:43:29]} 25... Ng5 {[%clk 0:33:28]} 26. g4 {[%clk 0:43:30]} 26... Bf7 {
[%clk 0:33:15]} 27. Ke3 {[%clk 0:41:34]} 27... h5 {[%clk 0:30:36]} 28. h4 {
[%clk 0:39:06]} 28... Ne6 {[%clk 0:30:54]} 29. Na4 {[%clk 0:32:45]} 29... Nf4 {
[%clk 0:30:54]} 30. Be2 {[%clk 0:28:01]} 30... hxg4 {[%clk 0:28:54]} 31. fxg4 {
[%clk 0:26:37]} 31... Ng2+ {[%clk 0:29:04]} 32. Kf2 {[%clk 0:26:10]} 32... Nxh4
{[%clk 0:29:25]} 33. Rxd4 {[%clk 0:25:42]} 33... Rxd4 {[%clk 0:29:42]} 34. Rd1
{[%clk 0:25:43]} 34... Rxe4 {[%clk 0:28:31]} 35. c5 {[%clk 0:25:01]} 35... b5 {
[%clk 0:27:20]} 36. Nc3 {[%clk 0:24:11]} 36... Rd4 {[%clk 0:27:15]} 37. Rxd4 {
[%clk 0:23:57]} 37... exd4 {[%clk 0:27:40]} 38. Ne4 {[%clk 0:24:25]} 38... Kd7
{[%clk 0:26:27]} 39. Nd6 {[%clk 0:24:00]} 39... Be6 {[%clk 0:26:32]} 40. Bd3 {
[%clk 0:22:21]} 40... g5 {[%clk 0:26:21]} 41. Kg3 {[%clk 0:22:09]} 41... Ke7 {
[%clk 0:24:54]} 42. Be4 {[%clk 0:18:31]} 42... Bd7 {[%clk 0:23:51]} 43. Kf2 {
[%clk 0:10:19]} 43... Ke6 {[%clk 0:20:17]} 44. Kg3 {[%clk 0:10:07]} 44... Ke5 {
[%clk 0:19:12]} 45. Bd3 {[%clk 0:09:02]} 45... f5 {[%clk 0:18:54]} 46. Nf7+ {
[%clk 0:08:22]} 46... Kf6 {[%clk 0:19:14]} 47. Nd8 {[%clk 0:08:45]} 47... f4+ {
[%clk 0:18:41]} 48. Kf2 {[%clk 0:09:09]} 48... Ke7 {[%clk 0:18:02]} 49. Nb7 {
[%clk 0:09:30]} 49... Bxg4 {[%clk 0:18:13]} 50. Na5 {[%clk 0:09:50]} 50... Bd7
{[%clk 0:18:09]} 51. Be4 {[%clk 0:10:13]} 51... g4 {[%clk 0:18:10]} 52. Bxc6 {
[%clk 0:10:25]} 52... g3+ {[%clk 0:18:35]} 53. Kg1 {[%clk 0:10:36]} 53... d3 {
[%clk 0:18:29]} 54. Be4 {[%clk 0:10:44]} 54... d2 {[%clk 0:18:53]} 55. Bc2 {
[%clk 0:11:05]} 55... f3 {[%clk 0:18:56]} 0-1

[Event "DEM U16 2019"]
[Site "Willingen GER"]
[Date "2019.06.15"]
[Round "9"]
[White "Hommel, Niclas"]
[Black "Kopylov, Daniel"]
[Result "1/2-1/2"]
[Termination "normal"]
[Board "7"]
[WhiteElo "1953"]
[BlackElo "2263"]
[WhiteClock "00:14:34"]
[BlackClock "00:08:06"]
[PlyCount "151"]
[WhiteFideId "12974927"]
[BlackFideId "12921971"]
[EventCountry "GER"]
[EventRounds "9"]
[EventType "swiss"]
[EventDate "2019.06.08"]

1. e4 {[%clk 1:30:59]} 1... c5 {[%clk 1:30:51]} 2. Nf3 {[%clk 1:31:25]} 2... d6
{[%clk 1:31:13]} 3. d4 {[%clk 1:31:43]} 3... cxd4 {[%clk 1:31:33]} 4. Nxd4 {
[%clk 1:32:08]} 4... Nf6 {[%clk 1:31:56]} 5. Nc3 {[%clk 1:32:36]} 5... Nc6 {
[%clk 1:32:19]} 6. Bg5 {[%clk 1:33:02]} 6... e6 {[%clk 1:32:21]} 7. Qd2 { [%clk
1:33:27]} 7... Be7 {[%clk 1:32:21]} 8. O-O-O {[%clk 1:33:53]} 8... Nxd4 { [%clk
1:32:28]} 9. Qxd4 {[%clk 1:34:15]} 9... O-O {[%clk 1:32:47]} 10. h4 { [%clk
1:33:59]} 10... Qa5 {[%clk 1:31:18]} 11. Kb1 {[%clk 1:33:45]} 11... Rd8 { [%clk
1:26:29]} 12. Qd2 {[%clk 1:32:04]} 12... Bd7 {[%clk 1:12:37]} 13. f3 { [%clk
1:24:20]} 13... Qc7 {[%clk 1:11:08]} 14. g4 {[%clk 1:19:13]} 14... Bc6 { [%clk
0:46:43]} 15. Bd3 {[%clk 1:11:20]} 15... d5 {[%clk 0:41:20]} 16. e5 { [%clk
1:09:24]} 16... Ne4 {[%clk 0:36:25]} 17. fxe4 {[%clk 0:49:56]} 17... dxe4
{[%clk 0:36:23]} 18. Rh3 {[%clk 0:49:25]} 18... exd3 {[%clk 0:30:13]} 19. Rxd3
{[%clk 0:49:47]} 19... Rxd3 {[%clk 0:29:29]} 20. Qxd3 {[%clk 0:50:12]} 20...
Bxg5 {[%clk 0:29:27]} 21. hxg5 {[%clk 0:50:37]} 21... Qe7 {[%clk 0:26:41]} 22.
Ne4 {[%clk 0:48:02]} 22... Rf8 {[%clk 0:19:05]} 23. Rh1 {[%clk 0:44:22]} 23...
Bxe4 {[%clk 0:13:27]} 24. Qxe4 {[%clk 0:44:47]} 24... g6 {[%clk 0:13:48]} 25.
Qe3 {[%clk 0:36:59]} 25... Rd8 {[%clk 0:13:34]} 26. Qh3 {[%clk 0:37:23]} 26...
Qxg5 {[%clk 0:13:08]} 27. Qxh7+ {[%clk 0:37:47]} 27... Kf8 {[%clk 0:13:34]} 28.
Rf1 {[%clk 0:38:08]} 28... Rd7 {[%clk 0:11:41]} 29. Qh8+ {[%clk 0:23:23]} 29...
Ke7 {[%clk 0:12:06]} 30. Qg8 {[%clk 0:23:29]} 30... Qf4 {[%clk 0:11:19]} 31.
Rh1 {[%clk 0:17:11]} 31... Qh2 {[%clk 0:06:35]} 32. Rf1 {[%clk 0:15:11]} 32...
Qf4 {[%clk 0:07:04]} 33. Rh1 {[%clk 0:15:34]} 33... Qxg4 {[%clk 0:04:33]} 34.
Rc1 {[%clk 0:14:43]} 34... Rd8 {[%clk 0:01:12]} 35. Qg7 {[%clk 0:14:48]} 35...
Qh4 {[%clk 0:01:27]} 36. Rf1 {[%clk 0:14:02]} 36... Qf4 {[%clk 0:01:27]} 37.
Re1 {[%clk 0:13:22]} 37... Rd2 {[%clk 0:01:15]} 38. Qh8 {[%clk 0:12:35]} 38...
Qf2 {[%clk 0:00:35]} 39. Rh1 {[%clk 0:08:20]} 39... Rd8 {[%clk 0:00:42]} 40.
Qg7 {[%clk 0:08:33]} 40... Rc8 {[%clk 0:00:34]} 41. Rc1 {[%clk 0:08:28]} 41...
Qf5 {[%clk 0:25:32]} 42. a3 {[%clk 0:37:12]} 42... b5 {[%clk 0:19:05]} 43. Ka2
{[%clk 0:35:24]} 43... a5 {[%clk 0:16:46]} 44. Rh1 {[%clk 0:32:59]} 44... b4 {
[%clk 0:13:35]} 45. axb4 {[%clk 0:31:56]} 45... axb4 {[%clk 0:13:28]} 46. Rh8 {
[%clk 0:32:15]} 46... Rxh8 {[%clk 0:12:11]} 47. Qxh8 {[%clk 0:32:14]} 47...
Qxc2 {[%clk 0:12:25]} 48. Qh4+ {[%clk 0:32:40]} 48... Ke8 {[%clk 0:10:05]} 49.
Qxb4 {[%clk 0:32:58]} 49... Qc6 {[%clk 0:09:50]} 50. Qb8+ {[%clk 0:32:18]}
50... Kd7 {[%clk 0:09:09]} 51. Qf8 {[%clk 0:32:06]} 51... Qa6+ {[%clk 0:08:46]}
52. Kb1 {[%clk 0:31:00]} 52... Qf1+ {[%clk 0:08:17]} 53. Ka2 {[%clk 0:31:26]}
53... Qf3 {[%clk 0:08:22]} 54. Qd6+ {[%clk 0:31:38]} 54... Kc8 {[%clk 0:08:45]}
55. Qf8+ {[%clk 0:31:09]} 55... Kb7 {[%clk 0:09:05]} 56. Qe7+ {[%clk 0:30:33]}
56... Kc6 {[%clk 0:08:14]} 57. Qd6+ {[%clk 0:28:31]} 57... Kb5 {[%clk 0:07:44]}
58. b3 {[%clk 0:19:06]} 58... Qg2+ {[%clk 0:06:10]} 59. Ka3 {[%clk 0:19:18]}
59... Qa8+ {[%clk 0:06:24]} 60. Kb2 {[%clk 0:19:40]} 60... Qd5 {[%clk 0:05:23]}
61. Qb8+ {[%clk 0:19:44]} 61... Ka6 {[%clk 0:04:54]} 62. Qc8+ {[%clk 0:18:31]}
62... Kb6 {[%clk 0:05:14]} 63. Qb8+ {[%clk 0:18:49]} 63... Ka6 {[%clk 0:05:34]}
64. Qc8+ {[%clk 0:19:14]} 64... Qb7 {[%clk 0:05:23]} 65. Qc4+ {[%clk 0:19:32]}
65... Ka7 {[%clk 0:05:20]} 66. Qc5+ {[%clk 0:19:38]} 66... Ka8 {[%clk 0:05:46]}
67. Qa5+ {[%clk 0:12:37]} 67... Qa7 {[%clk 0:06:15]} 68. Qd8+ {[%clk 0:12:59]}
68... Qb8 {[%clk 0:06:44]} 69. Qa5+ {[%clk 0:13:24]} 69... Kb7 {[%clk 0:06:56]}
70. Qb4+ {[%clk 0:13:42]} 70... Ka8 {[%clk 0:06:53]} 71. Qa5+ {[%clk 0:13:41]}
71... Qa7 {[%clk 0:07:10]} 72. Qd8+ {[%clk 0:13:55]} 72... Kb7 {[%clk 0:07:24]}
73. Qd7+ {[%clk 0:13:25]} 73... Kb6 {[%clk 0:07:25]} 74. Qd4+ {[%clk 0:13:46]}
74... Ka6 {[%clk 0:07:46]} 75. Qa4+ {[%clk 0:14:10]} 75... Kb7 {[%clk 0:08:06]}
76. Qd7+ {[%clk 0:14:34]} 1/2-1/2

[Event "DEM U16 2019"]
[Site "Willingen GER"]
[Date "2019.06.15"]
[Round "9"]
[White "Gutkin, Ilya"]
[Black "Liebold, Aaron"]
[Result "1-0"]
[Termination "normal"]
[Board "10"]
[WhiteElo "2041"]
[BlackElo "1870"]
[WhiteClock "00:00:37"]
[BlackClock "00:00:31"]
[PlyCount "128"]
[WhiteFideId "16203470"]
[BlackFideId "12997846"]
[EventCountry "GER"]
[EventRounds "9"]
[EventType "swiss"]
[EventDate "2019.06.08"]

1. Nf3 {[%clk 1:30:46]} 1... b5 {[%clk 1:30:44]} 2. e3 {[%clk 1:24:49]} 2... a6
{[%clk 1:30:30]} 3. d4 {[%clk 1:23:52]} 3... Bb7 {[%clk 1:30:38]} 4. b3 { [%clk
1:24:11]} 4... Nf6 {[%clk 1:30:00]} 5. Bb2 {[%clk 1:23:53]} 5... e6 { [%clk
1:29:37]} 6. Nbd2 {[%clk 1:22:07]} 6... c5 {[%clk 1:28:57]} 7. Bd3 { [%clk
1:19:44]} 7... Be7 {[%clk 1:27:41]} 8. O-O {[%clk 1:19:46]} 8... d5 { [%clk
1:26:35]} 9. dxc5 {[%clk 1:17:09]} 9... Bxc5 {[%clk 1:24:41]} 10. Qe2 { [%clk
1:17:30]} 10... Nbd7 {[%clk 1:22:08]} 11. c4 {[%clk 1:13:44]} 11... bxc4 {[%clk
1:17:47]} 12. bxc4 {[%clk 1:10:36]} 12... Qe7 {[%clk 1:17:29]} 13. Rab1 {[%clk
1:08:21]} 13... O-O {[%clk 1:15:37]} 14. Rfc1 {[%clk 1:01:48]} 14... dxc4
{[%clk 0:54:34]} 15. Nxc4 {[%clk 0:59:52]} 15... Rfc8 {[%clk 0:54:14]} 16. Na5
{[%clk 0:47:13]} 16... Be4 {[%clk 0:48:20]} 17. Ne5 {[%clk 0:37:20]} 17... Nxe5
{[%clk 0:41:01]} 18. Bxe5 {[%clk 0:37:33]} 18... Bxd3 {[%clk 0:41:14]} 19. Qxd3
{[%clk 0:37:58]} 19... Nd5 {[%clk 0:41:35]} 20. Bg3 {[%clk 0:25:12]} 20... h6
{[%clk 0:22:25]} 21. h3 {[%clk 0:24:18]} 21... Qg5 {[%clk 0:20:23]} 22. Kh2
{[%clk 0:22:30]} 22... h5 {[%clk 0:18:06]} 23. h4 {[%clk 0:18:50]} 23... Qe7 {
[%clk 0:14:04]} 24. Rc4 {[%clk 0:12:28]} 24... Nb6 {[%clk 0:08:17]} 25. Rc2 {
[%clk 0:11:35]} 25... Nd5 {[%clk 0:07:20]} 26. Qe2 {[%clk 0:11:49]} 26... Bb4 {
[%clk 0:05:42]} 27. Nc6 {[%clk 0:10:49]} 27... Rxc6 {[%clk 0:05:10]} 28. Rxc6 {
[%clk 0:11:13]} 28... Nc3 {[%clk 0:05:36]} 29. Rxc3 {[%clk 0:11:01]} 29... Bxc3
{[%clk 0:05:59]} 30. Qxh5 {[%clk 0:09:31]} 30... Rd8 {[%clk 0:05:31]} 31. Qf3 {
[%clk 0:07:36]} 31... Bf6 {[%clk 0:04:40]} 32. Qe4 {[%clk 0:07:09]} 32... Qa3 {
[%clk 0:04:11]} 33. Qc4 {[%clk 0:07:02]} 33... Qa5 {[%clk 0:02:38]} 34. Rb7 {
[%clk 0:03:38]} 34... Be5 {[%clk 0:01:35]} 35. Bf4 {[%clk 0:01:27]} 35... Qd5 {
[%clk 0:00:31]} 36. Qxd5 {[%clk 0:00:35]} 36... Rxd5 {[%clk 0:00:57]} 37. Bxe5
{[%clk 0:00:42]} 37... Rxe5 {[%clk 0:01:22]} 38. Rb8+ {[%clk 0:01:03]} 38...
Kh7 {[%clk 0:01:46]} 39. Rb4 {[%clk 0:00:57]} 39... Kg6 {[%clk 0:01:01]} 40.
Ra4 {[%clk 0:00:46]} 40... a5 {[%clk 0:00:55]} 41. Kg3 {[%clk 0:27:45]} 41...
Rc5 {[%clk 0:29:24]} 42. Kf3 {[%clk 0:26:34]} 42... Kh5 {[%clk 0:23:51]} 43. g3
{[%clk 0:23:41]} 43... e5 {[%clk 0:20:26]} 44. a3 {[%clk 0:14:37]} 44... g6 {
[%clk 0:15:29]} 45. Kg2 {[%clk 0:09:04]} 45... f5 {[%clk 0:12:56]} 46. Kh3 {
[%clk 0:08:00]} 46... e4 {[%clk 0:08:12]} 47. g4+ {[%clk 0:02:44]} 47... Kh6 {
[%clk 0:05:54]} 48. Kg3 {[%clk 0:02:27]} 48... Kg7 {[%clk 0:04:46]} 49. Kf4 {
[%clk 0:00:46]} 49... Rc2 {[%clk 0:04:22]} 50. Kg3 {[%clk 0:00:58]} 50... Rc5 {
[%clk 0:04:47]} 51. g5 {[%clk 0:00:57]} 51... Kf7 {[%clk 0:04:34]} 52. Rd4 {
[%clk 0:00:52]} 52... Rc1 {[%clk 0:02:37]} 53. Rd7+ {[%clk 0:00:51]} 53... Kg8
{[%clk 0:02:45]} 54. Kf4 {[%clk 0:00:37]} 54... Rc5 {[%clk 0:01:51]} 55. Rb7 {
[%clk 0:00:48]} 55... Kf8 {[%clk 0:01:25]} 56. a4 {[%clk 0:00:58]} 56... Rd5 {
[%clk 0:00:40]} 57. Ra7 {[%clk 0:00:59]} 57... Rc5 {[%clk 0:00:53]} 58. Rh7 {
[%clk 0:00:46]} 58... Kg8 {[%clk 0:01:01]} 59. Ra7 {[%clk 0:00:48]} 59... Kf8 {
[%clk 0:01:26]} 60. h5 {[%clk 0:00:45]} 60... gxh5 {[%clk 0:00:47]} 61. g6 {
[%clk 0:01:10]} 61... h4 {[%clk 0:00:52]} 62. Kg5 {[%clk 0:01:06]} 62... h3 {
[%clk 0:00:35]} 63. Kh6 {[%clk 0:00:41]} 63... Rc8 {[%clk 0:00:31]} 64. Rh7 {
[%clk 0:00:37]} 64... Rc6 1-0

[Event "DEM U16 2019"]
[Site "Willingen GER"]
[Date "2019.06.15"]
[Round "9"]
[White "Rietschel, Tilo"]
[Black "Jeschke, Jan"]
[Result "1-0"]
[Termination "normal"]
[Board "13"]
[WhiteElo "2005"]
[BlackElo "1871"]
[WhiteClock "00:28:50"]
[BlackClock "00:45:14"]
[PlyCount "51"]
[WhiteFideId "16208390"]
[BlackFideId "16225430"]
[EventCountry "GER"]
[EventRounds "9"]
[EventType "swiss"]
[EventDate "2019.06.08"]

1. e4 {[%clk 1:30:57]} 1... e6 {[%clk 1:30:49]} 2. d4 {[%clk 1:31:20]} 2... d5
{[%clk 1:31:08]} 3. Nc3 {[%clk 1:31:35]} 3... Bb4 {[%clk 1:31:04]} 4. e5 {
[%clk 1:31:59]} 4... c5 {[%clk 1:31:30]} 5. a3 {[%clk 1:32:25]} 5... Bxc3+ {
[%clk 1:31:55]} 6. bxc3 {[%clk 1:32:51]} 6... Qc7 {[%clk 1:31:52]} 7. Nf3 {
[%clk 1:32:58]} 7... Ne7 {[%clk 1:31:05]} 8. Bd3 {[%clk 1:33:17]} 8... Nbc6 {
[%clk 1:30:40]} 9. O-O {[%clk 1:33:33]} 9... Bd7 {[%clk 1:30:17]} 10. a4 {
[%clk 1:32:56]} 10... c4 {[%clk 1:27:32]} 11. Be2 {[%clk 1:33:21]} 11... f6 {
[%clk 1:20:52]} 12. Re1 {[%clk 1:33:05]} 12... O-O {[%clk 1:17:19]} 13. Ba3 {
[%clk 1:26:31]} 13... fxe5 {[%clk 1:10:52]} 14. dxe5 {[%clk 1:25:46]} 14... Rf5
{[%clk 1:01:12]} 15. Bd6 {[%clk 1:24:52]} 15... Qa5 {[%clk 1:01:34]} 16. Bxc4 {
[%clk 1:15:11]} 16... Rxf3 {[%clk 0:54:03]} 17. gxf3 {[%clk 1:12:46]} 17... Nf5
{[%clk 0:53:44]} 18. Bb4 {[%clk 1:03:27]} 18... Nxb4 {[%clk 0:52:52]} 19. cxb4
{[%clk 1:00:44]} 19... Qxb4 {[%clk 0:53:09]} 20. Bxd5 {[%clk 1:00:22]} 20...
Nd4 {[%clk 0:51:28]} 21. Be4 {[%clk 0:54:57]} 21... Rf8 {[%clk 0:51:30]} 22. c3
{[%clk 0:32:55]} 22... Qxc3 {[%clk 0:50:41]} 23. Re3 {[%clk 0:32:16]} 23... Qc5
{[%clk 0:47:36]} 24. Rc1 {[%clk 0:31:07]} 24... Qb4 {[%clk 0:47:21]} 25. Rd3 {
[%clk 0:29:38]} 25... Bxa4 {[%clk 0:45:14]} 26. Rxd4 {[%clk 0:28:50]} 1-0